000 00298nam a22001337a 4500
008 170915b xxu||||| |||| 00| 0 eng d
020 _a2900073382141
041 _aeng
080 _2111ED
_a7
100 _a44
101 _aART
245 _aTHE THEATRE EXPERIENCE
_cWILSON.E
942 _2udc
_cBK
999 _c27795
_d27795